Catalog of type specimens of recent mammals: Rodentia -Sciuromorpha and Castorimorpha- in the National Museum of Natural History, Smithsonian Institution

Сохранить в:
Библиографические подробности
Главные авторы: Fisher, Robert D (Автор), Ludwig, Craig A (Автор)
Формат:
Язык:английский
Опубликовано: Washington, D.C Smithsonian Institution Scholarly Press 2012
Серии:Simthsonian Contributions to Zoology, 640
Предметы:
Метки: Добавить метку
Нет меток, Требуется 1-ая метка записи!

MARC

LEADER 00000cam a2200000 a 4500
001 UCF5609
003 CL-VaPUC
008 130318e20120000US |||||||||||||||||eng|d
082 0 4 |a 599.35  |b FIS  |2 21 
100 0 |a Fisher, Robert D  |e author  |9 567569 
700 0 |a Ludwig, Craig A  |e author  |9 567570 
245 1 0 |a Catalog of type specimens of recent mammals: Rodentia -Sciuromorpha and Castorimorpha- in the National Museum of Natural History, Smithsonian Institution 
300 |a 97 p 
942 |c BK 
945 |d 20130318 00:00:00  |a dcastane 
260 |a Washington, D.C  |b Smithsonian Institution Scholarly Press  |c 2012 
650 0 |a Roedores  |9 399943 
650 7 |a CLASIFICACION  |2 CL-VaPUC  |9 269795 
650 7 |a ESPECIES  |2 CL-VaPUC  |9 331928 
583 |a last modification  |c 20130318 11:20:00  |k Rodrigo Vera 
490 0 |a Simthsonian Contributions to Zoology, 640 
999 |c 351101  |d 351099